Contemporary managment. / (Record no. 2365)

MARC details
000 -LEADER
fixed length control field 01500nam a22001817a 4500
008 - FIXED-LENGTH DATA ELEMENTS--GENERAL INFORMATION
fixed length control field 120924t xxu||||| |||| 00| 0 eng d
020 ## - INTERNATIONAL STANDARD BOOK NUMBER
International Standard Book Number 9780071285612
050 ## - LIBRARY OF CONGRESS CALL NUMBER
Classification number HD31.J711
100 ## - MAIN ENTRY--PERSONAL NAME
Personal name Jones, Gaveth R.
245 ## - TITLE STATEMENT
Title Contemporary managment. /
Statement of responsibility, etc. Gareth R Jones
260 ## - PUBLICATION, DISTRIBUTION, ETC.
Place of publication, distribution, etc. Boston:
Name of publisher, distributor, etc. Mcgraw - Hill,
Date of publication, distribution, etc. 2008.
300 ## - PHYSICAL DESCRIPTION
Extent xxxiii,805 p.:
Other physical details ill.;
Dimensions 24cm.
500 ## - GENERAL NOTE
General note Includes index
505 ## - FORMATTED CONTENTS NOTE
Formatted contents note Contents: Management: Managers and managing -- The Evolution of management thought -- Values, attitudes, emotions and culture: The Manager as person -- The Environment of Management :Ethics and social reponsibility -- Managing diverse employees in a multicultural environment -- Managing in the global environment -- Decision making, planning and strategy -- Decision making, planning and strategy: Decision making, learning, creativity, and entreneurship -- The Manager as a planner and strategist -- Value-chain management: functional strategies for competitive advantage -- Organizing and controlling : Managing organizational structure and culture -- Organizational control and change -- Human resource management -- Leading individuals and groups : Motivation and performance -- Leadership -- Effective groups and teams -- Managing critical organizational processes: Promoting effective communication -- Managing conflict, politics and negotiation -- Using advanced information tecnology to increase performance.
650 ## - SUBJECT ADDED ENTRY--TOPICAL TERM
Topical term or geographic name entry element Management.
700 ## - ADDED ENTRY--PERSONAL NAME
Personal name George. Jennifer M.
942 ## - ADDED ENTRY ELEMENTS (KOHA)
Source of classification or shelving scheme Library of Congress Classification
Koha item type Books
Holdings
Withdrawn status Lost status Source of classification or shelving scheme Damaged status Not for loan Home library Current library Shelving location Date acquired Total Checkouts Full call number Barcode Date last seen Price effective from Koha item type
    Library of Congress Classification     WISCONSIN INTERNATIONAL UNIVERSITY COLLEGE, GHANA - MAIN LIBRARY WISCONSIN INTERNATIONAL UNIVERSITY COLLEGE, GHANA - MAIN LIBRARY General Stacks 24/09/2012   HD31.J711 6099/12 24/09/2012 24/09/2012 Books

If you have any concerns or questions; kindly contact the library


© Powered by WIUC ICT DIRECTORATE